Femal entrepreneurship : (Record no. 25401)
[ view plain ]
| 000 -LEADER | |
|---|---|
| fixed length control field | 00684ntm a22002057a 4500 |
| 005 - DATE AND TIME OF LATEST TRANSACTION | |
| control field | 20170810122907.0 |
| 008 - FIXED-LENGTH DATA ELEMENTS--GENERAL INFORMATION | |
| fixed length control field | 170802s2010 xx a frb 000 0 eng d |
| 040 ## - CATALOGING SOURCE | |
| Original cataloging agency | EG-ScBUE |
| Language of cataloging | eng |
| Transcribing agency | EG-ScBUE |
| 082 04 - DEWEY DECIMAL CLASSIFICATION NUMBER | |
| Edition number | 22 |
| Classification number | 650 |
| Item number | AYM |
| 100 1# - MAIN ENTRY--PERSONAL NAME | |
| Personal name | Ayman, Dina Mohamed. |
| 9 (RLIN) | 22694 |
| 245 10 - TITLE STATEMENT | |
| Title | Femal entrepreneurship : |
| Remainder of title | The personality characterisitics of female entrepreneurs compared to their male counterparts / |
| Statement of responsibility, etc | by Dina Mohamed Ayman; David Kirby. |
| 260 ## - PUBLICATION, DISTRIBUTION, ETC. (IMPRINT) | |
| Date of publication, distribution, etc | 2010. |
| 300 ## - PHYSICAL DESCRIPTION | |
| Extent | 93 p. ; |
| Dimensions | 28 cm. |
| 590 ## - LOCAL NOTE (RLIN) | |
| Local note | basant mousa |
| 650 #7 - SUBJECT ADDED ENTRY--TOPICAL TERM | |
| Source of heading or term | BUEsh |
| Topical term or geographic name as entry element | Business Administration. |
| Form subdivision | Projects |
| 653 ## - INDEX TERM--UNCONTROLLED | |
| Resource For college | BAEPS, Business Administration |
| Arrived date list | August2017 |
| 655 ## - INDEX TERM--GENRE/FORM | |
| Form subdivision | |
| 700 ## - ADDED ENTRY--PERSONAL NAME | |
| Personal name | Kirby, David, |
| Relator term | ths. |
| 9 (RLIN) | 20050 |
| 942 ## - ADDED ENTRY ELEMENTS (KOHA) | |
| Source of classification or shelving scheme | Dewey Decimal Classification |
| Withdrawn status | Lost status | Source of classification or shelving scheme | Damaged status | Not for loan | Home library | Current library | Shelving location | Date acquired | Total Checkouts | Full call number | Barcode | Date last seen | Koha item type |
|---|---|---|---|---|---|---|---|---|---|---|---|---|---|
| Dewey Decimal Classification | Central Library | Central Library | Second Floor | 09/08/2017 | 650 AYM | 000023070 | 15/07/2025 | Projects - Students (NB) |